000
00303nam a22001457a 4500
008
210518b ||||| |||| 00| 0 eng d
020
_a
0314251790
041
_a
eng
080
_a
541
082
_a
541
100
_a
12
101
_a
KIM
245
_a
Chemistry
_c
Stanley R. Radel
942
_2
udc
_c
BK
999
_c
57436
_d
57436